| 000 | 00709nam a2200217 4500 | ||
|---|---|---|---|
| 008 | |||
| 020 | _a9781483352558 (pbk.) | ||
| 049 | _aMAIN | ||
| 090 |
_aH62 _bNEW |
||
| 100 | 1 | _aNewsome, Bruce Oliver | |
| 245 | 1 | 3 |
_aAn introduction to research, analysis and writing : _bpractical skills for social science students / _cBruce Oliver Newsome. |
| 260 |
_aLos Angeles: _bSage Publications, _c2016. |
||
| 300 |
_axvii, 352 p.:ill. ; _c23 cm. |
||
| 504 | _aInclude bibliographical references | ||
| 650 | 0 |
_aSocial sciences _xResearch. |
|
| 907 |
_a.b10382902 _b19-09-17 _c19-09-17 |
||
| 003 | |||
| 005 | 20230123122257.0 | ||
| 040 | _cNUST | ||
| 942 |
_cBOOKS _kH62 _mNEW |
||
| 999 |
_c130858 _d130858 |
||